| 000 | 00768cab a2200241 4500 | ||
|---|---|---|---|
| 001 | ABS57484 | ||
| 008 | 090401t1997 xxu||||| |||| 00| 0 eng d | ||
| 035 | _a(Sirsi) u80342 | ||
| 041 | _aeng | ||
| 100 | _aSydenham, A. | ||
| 245 | _aPrize possession | ||
| 260 | _c1997 | ||
| 350 | _a0 | ||
| 490 |
_aEstates Gazette _v(9733) 16 August 1997, 91-94(4) |
||
| 520 | _aThe Treasure Act 1996 comes into force on 24 September 1997. The Act goes some way to satisfying landowners that they will be rewarded when valuable objects are found on their land as opposed to just the metal detectorist. | ||
| 650 | _aLANDOWNERS | ||
| 650 | _aMETAL DETECTORS | ||
| 650 | _aREWARD | ||
| 650 | _aTREASURE ACT 1996 | ||
| 690 | _aLAND | ||
| 942 | _n0 | ||
| 948 | _c19/08/1997 | ||
| 999 |
_c50600 _d50600 |
||